Popularne ulice w Polsce - Statystyki

Ogólne statystyki
  • Ten quiz został rozwiązany 181 razy
  • Średni wynik to 3 z 8
Statystyki odpowiedzi
Ilość Ulica % Poprawnych
3090 Polna
64%
2999 Leśna
52%
2175 Szkolna
51%
2270 Krótka
47%
2414 Słoneczna
36%
1684 Lipowa
34%
1552 Brzozowa
23%
2172 Ogrodowa
22%
Nie znaleziono quizów pasujących do podanych kryteriów
Rozkład punktacji
Procent ludzi z każdym wynikiem
Percentyl według liczby udzielonych odpowiedzi
Twoja historia wyników
Nie rozwiązałeś tego quizu